00459nam a2200121Ia 4500008004100000245014600041260004500187260000900232300000800241500001300249650001300262856006200275170516s9999 xx 000 0 und d aQuantitative estimation of irbesartan in two different matrices and its application to human and dog bioavailability studies using LC–MS/MS bAsian Journal of Pharmaceutical Sciences c2013 a8:6 aDecember xPharmacy uhttp://www.sciencedirect.com/science/journal/18180876/8/6